2D materials for nanophotonics (Record no. 108141)
[ view plain ]
| 000 -LEADER | |
|---|---|
| fixed length control field | nam a22 7a 4500 |
| 005 - DATE AND TIME OF LATEST TRANSACTION | |
| control field | 20220504104950.0 |
| 008 - FIXED-LENGTH DATA ELEMENTS--GENERAL INFORMATION | |
| fixed length control field | 211027b ||||| |||| 00| 0 eng d |
| 020 ## - INTERNATIONAL STANDARD BOOK NUMBER | |
| International Standard Book Number | 9780128186589 |
| 080 ## - UNIVERSAL DECIMAL CLASSIFICATION NUMBER | |
| Universal Decimal Classification number | 621.3.049.77 |
| Item number | JHO/2D |
| 100 ## - MAIN ENTRY--PERSONAL NAME | |
| Personal name | Jhon, Young Min |
| 245 ## - TITLE STATEMENT | |
| Title | 2D materials for nanophotonics |
| 260 ## - PUBLICATION, DISTRIBUTION, ETC. (IMPRINT) | |
| Place of publication, distribution, etc | Kidlington |
| Name of publisher, distributor, etc | Elsevier |
| Date of publication, distribution, etc | 2021 |
| 300 ## - PHYSICAL DESCRIPTION | |
| Extent | xiii,397p. |
| 653 ## - INDEX TERM--UNCONTROLLED | |
| Uncontrolled term | 2D Materials |
| 653 ## - INDEX TERM--UNCONTROLLED | |
| Uncontrolled term | Nanophotonics |
| 700 ## - ADDED ENTRY--PERSONAL NAME | |
| Personal name | Lee, Ju Han |
| 942 ## - ADDED ENTRY ELEMENTS (KOHA) | |
| item type | Books |
| Lost status | Source of classification or shelving scheme | Not for loan | Home library | Current library | Date acquired | Cost, normal purchase price | Total Checkouts | Total Renewals | Full call number | Barcode | Date last seen | Date checked out | Price effective from | Koha item type |
|---|---|---|---|---|---|---|---|---|---|---|---|---|---|---|
| Universal Decimal Classification | University Library | University Library | 27/10/2021 | 200.00 | 5 | 2 | 621.3.049.77 JHO/2D | 00092614 | 17/02/2026 | 13/01/2026 | 27/10/2021 | Books |
